Movies Quiz

Random Movies or Actor Quiz

24 Movie Posters Looking Left Quiz Stats

Quiz Updated Aug 14, 2017

Challenge
Share
Tweet
Score 0/24 Timer 06:00
0 Plays Today
Hint Answer % Correct
Brokeback Mountain
91.7%
Lincoln
89.6%
Catch Me If You Can
89.4%
Million Dollar Baby
76.7%
Forrest Gump
75.1%
The Passion of the Christ
74.7%
12 Years a Slave
73.2%
National Treasure
72.1%
American Sniper
61.7%
Erin Brockovich
60.4%
Moneyball
58.4%
The Princess and the Frog
58%
Hint Answer % Correct
The Good Dinosaur
57.4%
Mission: Impossible III
52.9%
Wild
43.1%
Eddie the Eagle
40.8%
Dirty Grandpa
33.4%
Desperado
31.8%
Kingdom of Heaven
27.3%
Drag Me to Hell
23.1%
Fruitvale Station
18.9%
Brothers
15.2%
I'm Not There
14.8%
The Paperboy
8.4%

You're not logged in!

Compare scores with friends on all Sporcle quizzes.
Sign Up with Email
OR
Log In

You Might Also Like...

Show Comments

Extras

Top Quizzes Today


Score Distribution

Your Account Isn't Verified!

In order to create a playlist on Sporcle, you need to verify the email address you used during registration. Go to your Sporcle Settings to finish the process.